On becoming american
Salvato in:
| Autore principale: | |
|---|---|
| Natura: | Libro |
| Lingua: | inglese |
| Pubblicazione: |
Boston
Houghton Mifflin
1978
|
| Soggetti: | |
| Tags: |
Aggiungi Tag
Nessun Tag, puoi essere il primo ad aggiungerne!!
|
MARC
| LEADER | 00000nam a2200000 a 4500 | ||
|---|---|---|---|
| 001 | UCQ2414 | ||
| 003 | CL-VaPUC | ||
| 008 | 980724e19780000US |||||||||||||||||eng|d | ||
| 082 | 0 | 4 | |a 305.56 |b MOR |2 21 |
| 100 | 0 | |a Morgan, Ted |e author |9 416314 | |
| 245 | 1 | 0 | |a On becoming american |
| 300 | |a 336 p | ||
| 942 | |c BK | ||
| 945 | |d 19980724 00:00:00 |a crobeson | ||
| 260 | |a Boston |b Houghton Mifflin |c 1978 | ||
| 650 | 7 | |a MINORIAS CULTURALES |2 CL-VaPUC |9 416315 | |
| 650 | 7 | |a MINORIAS ETNICAS |2 CL-VaPUC |9 341212 | |
| 650 | 7 | |a GRUPOS ETNICOS |2 CL-VaPUC |9 324200 | |
| 650 | 0 | |a Aculturación |9 307938 | |
| 650 | 0 | |a Investigación social |9 307814 | |
| 651 | 0 | |a Estados Unidos |9 255178 | |
| 583 | |a last modification |c 19980724 00:00:00 |k Rodrigo Vera | ||
| 999 | |c 273238 |d 273236 | ||
| 952 | |0 0 |1 0 |4 0 |6 305_560000000000000_MOR_1978 |7 0 |8 P |9 308630 |a BIBEDU |b BIBEDU |c BIBEDU_PB |d 2019-11-20 |i 1445294 |o 305.56 MOR 1978 |p 1445294 |r 2024-01-25 |w 2019-11-20 |y BK |k LIT | ||